000 00475nam a22001697a 4500
005 20250115155143.0
008 250115b |||||||| |||| 00| 0 eng d
020 _a9780789755643
082 _a005.54
_bMCF-E
100 _aMcfedries, Paul
245 _aExcel 2016 Formulas and Functions /
_cPaul Mcfedries
260 _aUSA:
_bCengage Learning;
_c2016.
300 _axiv, 508 p. :
_bill;
_c24 cm.
500 _ainclude index.
650 _aMicrosoft Office
999 _c36821
_d36821